000 00467nam a22001697a 4500
999 _c524352
_d524352
003 NUST
038 _awaseem
082 _a891.421
_bQAS
100 _aQasim, Raja Abdul Waheed
_915174
245 _aMithy Maiway /
_cRaja Abdul Waheed Qasim
260 _aLahore :
_bMaqsood Publishers,
_c2003.
300 _a128 p. ;
500 _aHardcover.
880 _6100-01\r
_aراجہ عبدالوحیدقاسم
880 _6245-02\r
_aمٹھے میوے /
942 _2ddc
_cBK